000 00427nam a2200181Ia 4500
005 20250603145112.0
008 250603s9999 xx 000 0 und d
020 _a9789785218251
050 _aKP 81 .O5/
100 _aOlomojobi, Yinka
245 0 _aHuman rights :on gender,sex and the law in Nigeria.
260 _aLagos
260 _bprinceton
260 _c2015
300 _a289 p
650 _aLagos
942 _cBK
999 _c40876
_d40876